[Event "Santo Domingo Independencia op"]
[Site "Santo Domingo"]
[Date "2018.02.16"]
[Round "1"]
[White "Taveras Veras, Felix Miguel"]
[Black "Camacho Campusano, David Daniel"]
[Result "0-1"]
[WhiteElo "1682"]
[BlackElo "2118"]
[PlyCount "54"]
[EventDate "2018.02.16"]
[EventType "swiss"]
[EventRounds "8"]
[EventCountry "DOM"]
[SourceTitle "CBM 187 Extra"]
[Source "ChessBase"]
[SourceDate "2018.11.04"]
[SourceVersion "1"]
[SourceVersionDate "2018.11.04"]
[SourceQuality "1"]

1. e4 e5 2. Nf3 Nc6 3. Bc4 Bc5 4. Nc3 Nf6 5. 0-0 d6 6. h3 Be6 7. Bxe6 fxe6 8. d3 0-0 9. Be3 Bb6 10. a3 d5 11. exd5 exd5 12. Na4 Qe8 13. Nxb6 axb6 14. c3 h6 15. Nh2 Qg6 16. f4 Nh5 17. fxe5 Nxe5 18. d4 Nc4 19. Bc1 Ng3 20. Re1 Rae8 21. Rxe8 Rxe8 22. b3 Ne2+ 23. Kh1 Nxc3 24. Qf3 Re1+ 25. Nf1 Ne3 26. Bxe3 Rxa1 27. Kh2 Qe4 0-1

[Event "Santo Domingo Duarte Memorial 5th"]
[Site "Santo Domingo"]
[Date "2016.01.16"]
[Round "7"]
[White "Arias Diaz, Ernesto Antonio"]
[Black "Taveras Veras, Felix Miguel"]
[Result "1-0"]
[WhiteElo "1874"]
[BlackElo "1653"]
[PlyCount "75"]
[EventDate "2016.01.08"]
[EventType "swiss"]
[EventRounds "8"]
[EventCountry "DOM"]
[SourceTitle "CBM 170 Extra"]
[Source "ChessBase"]
[SourceDate "2016.02.25"]
[SourceVersion "1"]
[SourceVersionDate "2016.02.25"]
[SourceQuality "1"]

1. Nf3 c5 2. b3 e6 3. Bb2 a6 4. c4 b6 5. e3 Bb7 6. Be2 Qc7 7. Nc3 Nf6 8. Qc2 Nc6 9. a3 Be7 10. Rd1 h6 11. h3 0-0 12. Rg1 d5 13. cxd5 exd5 14. Bd3 d4 15. Ne4 Rfe8 16. Nxf6+ Bxf6 17. Kf1 Qe7 18. Re1 Qd7 19. e4 Ne5 20. Nxe5 Bxe5 21. Be2 Qe7 22. d3 Qf6 23. Bc1 Bg3 24. Bf3 Bf4 25. e5 Bxf3 26. exf6 Rxe1+ 27. Kxe1 Re8+ 28. Kf1 Bxc1 29. gxf3 Bg5 30. fxg7 Re6 31. Rg4 Rf6 32. Qe2 Re6 33. Re4 Rf6 34. h4 Bf4 35. Re8+ Kxg7 36. Qe7 Bd6 37. Rg8+ Kxg8 38. Qxf6 1-0